Biblioteka Instytutu Północnego w Olsztynie

Widok standardowy Widok MARC

Pozycja Corporate Name

Liczba rekordów, w których użyto hasła: 1

001 - Numer kontrolny

  • control field: 41055

003 - Identyfikator numeru kontrolnego

  • control field: NUKAT

005 - Data i czas ostatniej modyfikacji

  • control field: 20260430135617.0

008 - Dane kontrolne kodowane (40 znaków)

  • fixed length control field: 200901n||aaznnbabn |a ana |c

010 ## - Numer kontrolny Biblioteki Kongresu

  • numer kontrolny LC: sx2019707205

040 ## - Instytucja sporządzająca rekord

  • inst. przygot. dane do rek. khw: Ł U/JŁ
  • język haseł przedmiotowych/tezaurus: kaba
  • inst. wprow. rek. khw: Ł U/JŁ

110 1# - Hasło - nazwa ciała zbiorowego

  • nazwa ciała zbior. lub geogr. na pocz.: Niemcy.
  • nazwa jednostki podrzędnej: Ministerium für Staatssicherheit
  • określnik rzeczowy: i Polska
  • określnik rzeczowy: źródła.
Biblioteka Instytutu Północnego, ul. Partyzantów 87, 10-402 Olsztyn, email: biblioteka(at)ip.olsztyn.pl